[Event "Campeonato de Aragón por Equipos 2008 "]
[Site "Aragón"]
[Date "2008.04.26"]
[Round "12.31"]
[White "Gonzalez Gambau Jorge"]
[Black "Galve Guinea Alejandro"]
[Result "1-0"]
[WhiteElo "2039"]
[BlackElo "1909"]

1.e4 e6 2.Nc3 d5 3.Nf3 d4 4.Ne2 c5 5.c3 dxc3 6.bxc3 Nc6 7.d4 cxd4 8.cxd4 Nf6
9.Ng3 Bb4+ 10.Bd2 Qa5 11.Bxb4 Qxb4+ 12.Qd2 Qxd2+ 13.Kxd2 O-O 14.Bd3 Rd8 15.Ne2
b6 16.Rab1 Bb7 17.h3 Rac8 18.Rhc1 Na5 19.Ke3 h6 20.Ne5 Rxc1 21.Rxc1 Rc8 22.
Rxc8+ Bxc8 23.Nc3 Nd7 24.Nc4 Nxc4+ 25.Bxc4 a6 26.f4 b5 27.Bb3 Nb6 28.d5 exd5
29.Nxd5 Nxd5+ 30.Bxd5 Kf8 31.Kd4 Ke7 32.Kc5 f6 33.h4 Bd7 34.Kb6 Kd6 35.Kxa6
Kc5 36.a3 f5 37.Bb7 fxe4 38.Bxe4 Kd4 39.Bf3 Kc5 40.Kb7 Kc4 41.Kc7 Bf5 42.Be2+
Kc5 43.Kd8 Be4 44.g4 Bc6 45.Ke7 Kd4 46.Kd6 Be8 47.Bf3 Bf7 48.g5 Ke3 49.gxh6
gxh6 50.Bd5 Bxd5 51.Kxd5 Kxf4 52.Kc5 Kg4 53.Kxb5 Kxh4 54.a4 Kg3 55.a5 h5 56.a6
h4 57.a7 h3 58.a8=Q Kh2 59.Qf3 1-0

[Event "Campeonato de Aragón por Equipos 2008 "]
[Site "Aragón"]
[Date "2008.04.26"]
[Round "12.32"]
[White "Accattato Martin Nicola"]
[Black "Perez Puyal Jose J"]
[Result "1-0"]
[WhiteElo "1859"]
[BlackElo "1888"]

1.e4 d5 2.exd5 Qxd5 3.Nc3 Qa5 4.d4 c6 5.Bc4 Nf6 6.Ne2 Bf5 7.O-O e6 8.Ng3 Bg6
9.f4 Bd6 10.f5 exf5 11.Qe2+ Kf8 12.Bd2 Qc7 13.Nxf5 Bxf5 14.Rxf5 Nbd7 15.Re1
Nb6 16.Rxf6 Nxc4 17.Qxc4 gxf6 18.Bh6+ Kg8 19.Ne4 Qe7 20.Qf1 1-0